Libertínska rozprávka ako kultúrny fenomén vo francúzskej literatúre 18. storočia
Naratívne a tematické špecifiká tzv. libertínskej rozprávky vo francúzskej literatúre 18. storočia. Demonštrácia spojenia paródie, satiry a libertinizmu na vybraných príkladoch, vďaka ktorému sa tieto diela vyčleňujú voči tradičným rozprávkam.
Enregistré dans:
| Auteur principal: | |
|---|---|
| Format: | Chapitre de livre |
| Langue: | slovaque |
| Sujets: | |
| Tags: |
Pas de tags, Soyez le premier à ajouter un tag!
|
MARC
| LEADER | 00000nla$a2200000$$$4500 | ||
|---|---|---|---|
| 001 | 0243757 | ||
| 005 | 20240502073941.3 | ||
| 041 | 0 | |a slo | |
| 044 | |a SK | ||
| 245 | 1 | 0 | |a Libertínska rozprávka ako kultúrny fenomén vo francúzskej literatúre 18. storočia |c Andrea Tureková |
| 520 | |a Naratívne a tematické špecifiká tzv. libertínskej rozprávky vo francúzskej literatúre 18. storočia. Demonštrácia spojenia paródie, satiry a libertinizmu na vybraných príkladoch, vďaka ktorému sa tieto diela vyčleňujú voči tradičným rozprávkam. | ||
| 610 | 2 | 0 | |a literatúra |
| 610 | 2 | 0 | |a francúzština |
| 610 | 2 | 0 | |a komunikácia interkultúrna |
| 610 | 2 | 0 | |a história |
| 100 | 1 | |a Tureková, Andrea, 1979- | |